000 00341nam a22001457a 4500
003 OSt
008 250110b |||||||| |||| 00| 0 eng d
041 _aeng
082 _a581
_bDUT/BO
100 _aDutta,AC
_96923
245 _aBotany for Degree Students
250 _a5th
260 _aDelhi;
_bOxford University Press,
_c1985.
942 _cBK
999 _c19014
_d19014